I love you, Mommy / (Record no. 48565)
| 000 -LEADER | |
|---|---|
| fixed length control field | 00809nam a2200193 4500 |
| 020 ## - INTERNATIONAL STANDARD BOOK NUMBER | |
| International Standard Book Number | 9781781973295 |
| 020 ## - INTERNATIONAL STANDARD BOOK NUMBER | |
| International Standard Book Number | 1781973296 |
| 020 ## - INTERNATIONAL STANDARD BOOK NUMBER | |
| International Standard Book Number | 1781972982 |
| 020 ## - INTERNATIONAL STANDARD BOOK NUMBER | |
| International Standard Book Number | 9781781972984 |
| 100 ## - MAIN ENTRY--PERSONAL NAME | |
| Personal name | Joyce, Melanie, |
| Relator term | author. |
| 9 (RLIN) | 61994 |
| 245 10 - TITLE STATEMENT | |
| Title | I love you, Mommy / |
| Statement of responsibility, etc | written by Melanie Joyce ; illustrated by Polona Lovsin. |
| 260 ## - PUBLICATION, DISTRIBUTION, ETC. (IMPRINT) | |
| Place of publication, distribution, etc | England : |
| Name of publisher, distributor, etc | Igloo Books, Ltd., |
| Date of publication, distribution, etc | 2015. |
| 300 ## - PHYSICAL DESCRIPTION | |
| Extent | 1 v. (unpaged) : |
| Other physical details | col. ill. ; |
| Dimensions | 26 cm. |
| 520 ## - SUMMARY, ETC. | |
| Summary, etc | This gentle, heart-warming story celebrates the tender love of a bear mother for her cub. Everyone will recognize the softness of morning cuddles and night time snuggles, of being safe, warm and secure. |
| 650 #0 - SUBJECT ADDED ENTRY--TOPICAL TERM | |
| Topical term or geographic name as entry element | Bears |
| Form subdivision | Juvenile fiction. |
| 650 #0 - SUBJECT ADDED ENTRY--TOPICAL TERM | |
| Topical term or geographic name as entry element | Mother and child |
| Form subdivision | Juvenile fiction. |
| 9 (RLIN) | 32348 |
| 700 1# - ADDED ENTRY--PERSONAL NAME | |
| Personal name | Lovsin, Polona, |
| Relator term | ill. |
| 9 (RLIN) | 86105 |
| 942 ## - ADDED ENTRY ELEMENTS (KOHA) | |
| Source of classification or shelving scheme | |
| Koha item type | Book |
| Withdrawn status | Lost status | Source of classification or shelving scheme | Damaged status | Not for loan | Home library | Current library | Date acquired | Total Checkouts | Full call number | Barcode | Date last seen | Date checked out | Price effective from | Koha item type |
|---|---|---|---|---|---|---|---|---|---|---|---|---|---|---|
| Logos International School | Logos International School | 03/11/2025 | 4 | E JOY | 040494 | 02/06/2026 | 01/30/2026 | 03/11/2025 | Book |